| 000 | 00699nam a22002057a 4500 | ||
|---|---|---|---|
| 005 | 20250603152612.0 | ||
| 008 | 250414b |||||||| |||| 00| 0 eng d | ||
| 020 | _a9789356877894 | ||
| 040 | _cSDCL | ||
| 041 |
_2eng _aeng |
||
| 084 | _aV2y7N07 R4 | ||
| 100 |
_aAnand, Neeru Nangia _9752259 |
||
| 245 |
_aReaders, rebels, visionaries : _bThe literary sphere of Bhagat Singh and Sukhdev |
||
| 260 |
_aDelhi : _bPrimus Books, _c2024. |
||
| 300 | _a338p. | ||
| 650 |
_aFiction -- History and criticism -- 19th century -- 20th century _9811615 |
||
| 650 |
_aIndia -- History -- British occupation _9652172 |
||
| 650 |
_aRevolutionaries -- Books and reading -- India _9811616 |
||
| 942 |
_2CC _cTEXL |
||
| 999 |
_c1308961 _d1308961 |
||